Pays les plus proches de Norvège - une minute sprint - Statistiques

Statistiques générales
  • Ce quiz a été pris 106 fois
  • Le résultat moyen est 15 sur 20
Statistiques - réponses
km pays % Correct
0 Finlande
99%
0 Suède
99%
110 Danemark
98%
0 Russie
98%
327 Allemagne
93%
820 France
92%
494 Pays-Bas
89%
575 Pologne
88%
734 Belgique
85%
554 Estonie
85%
599 Lettonie
85%
645 Lituanie
85%
293 Royaume-Uni
84%
973 Islande
82%
847 Irlande
72%
870 Luxembourg
69%
914 Biélorussie
49%
879 Tchéquie
47%
579 Îles Féroé
22%
446 Groenland
18%
Aucun quiz correspondant
Distribution des résultats
% des personnes avec chaque résultat
Percentile par nombre de réponses
Votre historique - résultats
Vous n’avez pas pris ce quiz